000 00740nam a2200253Ia 4500
003 OSt
005 20220925220717.0
006 a|||||r|||| 00| 0
007 ta
008 220923b |||||||| |||| 00| 0 eng d
037 _cGeneral Book
040 _aRTL
_cRTL
_beng
041 _2eng
_aeng
082 _aX:3M24xM18:g, N5
100 _aCarver Terrell
_9124326
245 0 _aRational choice marxism
260 _aLondon
_bMacmillan
_c1995
300 _aviii, 338p
_ccm.
500 _aBibliography: p 324-35
650 _aEconomics Classics Karl Mark
_9231515
700 _a Thomas Paul Ed.
_9142025
942 _hX:3M24xM18:g, N5
_cGB
_2CC
999 _c572167
_d572167